000
00172nam a2200085 4500
999
_c
531500
_d
531500
040
_c
DLC
100
_a
Novak, Philip
_9
6358
245
_a
The World's Wisdom
942
_2
ddc
_c
BK